[Event "Miranda Waraira CC op"]
[Site "Miranda"]
[Date "2022.08.28"]
[Round "4"]
[White "Perez Ruiz, Jose Alexander"]
[Black "Rondon Mendez, Eleguanyer David"]
[Result "1/2-1/2"]
[WhiteElo "1682"]
[BlackElo "1441"]
[PlyCount "92"]
[EventDate "2022.08.26"]
[EventType "swiss"]
[EventRounds "5"]
[EventCountry "VEN"]
[SourceTitle "EXT 2024"]
[Source "ChessBase"]
[SourceDate "2023.10.10"]
[SourceVersion "1"]
[SourceVersionDate "2023.10.10"]
[SourceQuality "1"]

1. d4 g6 2. Bf4 Bg7 3. Nc3 d6 4. e4 Nd7 5. Nf3 e5 6. dxe5 dxe5 7. Bg5 Ngf6 8. Qd2 h6 9. Bh4 c6 10. 0-0-0 Qa5 11. Kb1 0-0 12. Bc4 b5 13. Bb3 b4 14. Na4 Nxe4 15. Qe3 Nec5 16. Nxc5 Qxc5 17. Qxc5 Nxc5 18. Be7 Nxb3 19. Bxf8 Kxf8 20. axb3 Bg4 21. Rd6 Rc8 22. h3 Ke7 23. Rhd1 Be6 24. R6d2 Bd5 25. Re1 Ke6 26. Rde2 f6 27. Nd2 Bxg2 28. Rg1 Bxh3 29. Rxg6 Rc7 30. f4 Kf5 31. Rg3 Bg4 32. Reg2 h5 33. fxe5 fxe5 34. Rf2+ Ke6 35. Ne4 Kd5 36. Ng5 e4 37. Rxg4 hxg4 38. Rf5+ Kd6 39. Nxe4+ Ke6 40. Rg5 Rf7 41. Rxg4 Rf1+ 42. Ka2 Kd5 43. Rxg7 Kxe4 44. Rxa7 Rc1 45. Ra4 Rxc2 46. Rxb4+ Kd5 1/2-1/2

[Event "Tinaquillo Cojedes op"]
[Site "Tinaquillo"]
[Date "2022.04.03"]
[Round "5"]
[White "Perez Ruiz, Jose Alexander"]
[Black "Franco Martinez, Franvier Jose"]
[Result "0-1"]
[WhiteElo "1669"]
[BlackElo "2048"]
[PlyCount "62"]
[EventDate "2022.04.01"]
[EventType "swiss"]
[EventRounds "6"]
[EventCountry "VEN"]
[SourceTitle "EXT 2023"]
[Source "ChessBase"]
[SourceDate "2022.10.05"]
[SourceVersion "1"]
[SourceVersionDate "2022.10.05"]
[SourceQuality "1"]

1. d4 Nf6 2. Bf4 g6 3. Nc3 Bg7 4. e4 d6 5. Qd2 0-0 6. 0-0-0 Nbd7 7. f3 c5 8. dxc5 Nxc5 9. Bh6 Be6 10. h4 Re8 11. h5 Bh8 12. hxg6 fxg6 13. Bg5 Rc8 14. Bxf6 exf6 15. Bb5 Re7 16. Qxd6 Qxd6 17. Rxd6 a6 18. Bd3 f5 19. Nge2 Be5 20. Rb6 Bc7 21. Rb4 b5 22. Nd4 Ba5 23. Nxe6 Nxd3+ 24. cxd3 Bxb4 25. exf5 gxf5 26. Nd4 Bxc3 27. bxc3 Rxc3+ 28. Kd2 Ra3 29. Ra1 Rd7 30. Ke3 f4+ 31. Ke4 Ra4 0-1